Property Law (Record no. 105537)

MARC details
000 -LEADER
fixed length control field 01407cam a2200253 4500
001 - CONTROL NUMBER
control field ##L134091
008 - FIXED-LENGTH DATA ELEMENTS--GENERAL INFORMATION
fixed length control field 060710n2005 000 0 eng u
020 ## - INTERNATIONAL STANDARD BOOK NUMBER
International Standard Book Number 140580114X
-- 9781405801140
035 ## - SYSTEM CONTROL NUMBER
System control number (Sirsi) u134091
041 0# - LANGUAGE CODE
Language code of text/sound track or separate title eng
050 04 - LIBRARY OF CONGRESS CALL NUMBER
Classification number 346.41043 $2 18
100 1# - MAIN ENTRY--PERSONAL NAME
Personal name Smith, Roger J.
245 00 - TITLE STATEMENT
Title Property Law
250 ## - EDITION STATEMENT
Edition statement 5th ed.
260 ## - PUBLICATION, DISTRIBUTION, ETC.
Place of publication, distribution, etc. Harlow
Name of publisher, distributor, etc. Pearson Longman
Date of publication, distribution, etc. 2005
300 ## - PHYSICAL DESCRIPTION
Extent lxx, 620p.
Dimensions 24cm.
350 ## - PRICE (NR) (BK AM CF MU VM SE) [OBSOLETE]
Price 34.99
505 2# - FORMATTED CONTENTS NOTE
Formatted contents note Introduction -- General principles: property interests and their creation and transfer -- Rights to enjoy land: freehold and leasehold estates -- Other interests in land.
520 ## - SUMMARY, ETC.
Summary, etc. Intended primarily for students, this book discusses property concepts in relation to land law. Topics covered include trusts and equitable interests; property interests; the 1925 legislation and growth of land registration; original acquisition, and transfer and creation, of property interests; formalities, trusts and the family home; estoppel; registration of title; joint tenancy and tenancy in common; trusts of land; successive interests; leases; licences; easements and profits; covenants; mortgages. Contains a full discussion of key cases, and explains how they impact on fundamental principles of property law.
651 #4 - SUBJECT ADDED ENTRY--GEOGRAPHIC NAME
Geographic name England and Wales
Chronological subdivision 1543-
690 ## - LOCAL SUBJECT ADDED ENTRY--TOPICAL TERM (OCLC, RLIN)
Topical term or geographic name as entry element PROPERTY-PROPERTY ACQUISITION AND DISPOSAL
942 ## - ADDED ENTRY ELEMENTS (KOHA)
Suppress in OPAC 0
Holdings
Withdrawn status Lost status Source of classification or shelving scheme Damaged status Not for loan Home library Current library Shelving location Date acquired Cost, normal purchase price Total Checkouts Full call number Barcode Date last seen Date last checked out Copy number Cost, replacement price Price effective from Koha item type
    Dewey Decimal Classification     London London Books 02/08/2006 29.74 14 346.41043 SMI 30073166 06/08/2019 25/01/2010 1 29.74 06/08/2019 Book